000 00464nam a2200169Ia 4500
005 20250508160755.0
008 008 250505s9999 xx 000 0 eng d
037 _aTextual
040 _aFEDL
_beng
_cFEDL
041 _aeng
_2eng
084 _a910.72, IND
_qFEDL
245 0 _aSurvey of research in geography
260 _aBombay, India
_bPopular Prakashan
_c1972
300 _a397p.
942 _cTEXL
_h910.72, IND
999 _c1366546
_d1366546